<?xml version="1.0" encoding="UTF-8"?>
<record
    xmlns:xsi="http://www.w3.org/2001/XMLSchema-instance"
    xsi:schemaLocation="http://www.loc.gov/MARC21/slim http://www.loc.gov/standards/marcxml/schema/MARC21slim.xsd"
    xmlns="http://www.loc.gov/MARC21/slim">

  <leader>01113nam a22002177a 4500</leader>
  <controlfield tag="008">110516s2010    su|||||r|||| 000 0 ara d</controlfield>
  <datafield tag="020" ind1=" " ind2=" ">
    <subfield code="a">9786000209384</subfield>
  </datafield>
  <datafield tag="082" ind1=" " ind2=" ">
    <subfield code="2">22</subfield>
    <subfield code="a">158.2</subfield>
    <subfield code="b">&#x62C; &#x631; &#x627; </subfield>
  </datafield>
  <datafield tag="100" ind1=" " ind2=" ">
    <subfield code="9">23861</subfield>
    <subfield code="a">&#x62C;&#x631;&#x627;&#x64A;&#x60C; &#x62C;&#x648;&#x646;</subfield>
  </datafield>
  <datafield tag="245" ind1=" " ind2=" ">
    <subfield code="a">&#x627;&#x644;&#x645;&#x631;&#x64A;&#x62E; &#x648;&#x627;&#x644;&#x632;&#x647;&#x631;&#x629; &#x645;&#x639;&#x64B;&#x627; &#x625;&#x644;&#x649; &#x627;&#x644;&#x623;&#x628;&#x62F; /</subfield>
    <subfield code="c">&#x62C;&#x648;&#x646; &#x62C;&#x631;&#x627;&#x64A;</subfield>
  </datafield>
  <datafield tag="260" ind1=" " ind2=" ">
    <subfield code="a">&#x627;&#x644;&#x631;&#x64A;&#x627;&#x636; :</subfield>
    <subfield code="b">&#x645;&#x643;&#x62A;&#x628;&#x629; &#x62C;&#x631;&#x64A;&#x631;&#x60C; 2010</subfield>
    <subfield code="c">2010</subfield>
  </datafield>
  <datafield tag="300" ind1=" " ind2=" ">
    <subfield code="a">304 &#x635; &#x61B;</subfield>
    <subfield code="c">20 &#x633;&#x645;</subfield>
  </datafield>
  <datafield tag="500" ind1=" " ind2=" ">
    <subfield code="a">&#x627;&#x644;&#x639;&#x646;&#x648;&#x627;&#x646; &#x639;&#x644;&#x649; &#x627;&#x644;&#x63A;&#x644;&#x627;&#x641;: &#x627;&#x644;&#x645;&#x631;&#x64A;&#x62E; &#x648;&#x627;&#x644;&#x632;&#x647;&#x631;&#x629; &#x645;&#x639;&#x64B;&#x627; &#x625;&#x644;&#x649; &#x627;&#x644;&#x623;&#x628;&#x62F; :&#x645;&#x647;&#x627;&#x631;&#x627;&#x62A; &#x644;&#x644;&#x639;&#x644;&#x627;&#x642;&#x627;&#x62A; &#x627;&#x644;&#x639;&#x627;&#x637;&#x641;&#x64A;&#x629; &#x645;&#x646; &#x623;&#x62C;&#x644; &#x62D;&#x628; &#x62F;&#x627;&#x626;&#x645;</subfield>
  </datafield>
  <datafield tag="500" ind1=" " ind2=" ">
    <subfield code="a">&#x62A;&#x631;&#x62C;&#x645;&#x629; &#x644;&#x643;&#x62A;&#x627;&#x628;: Mars and Venus Together Forever : Relationship skills for Lasting Love</subfield>
  </datafield>
  <datafield tag="650" ind1=" " ind2=" ">
    <subfield code="9">23866</subfield>
    <subfield code="a">&#x627;&#x644;&#x639;&#x644;&#x627;&#x642;&#x627;&#x62A; &#x627;&#x644;&#x625;&#x646;&#x633;&#x627;&#x646;&#x64A;&#x629;</subfield>
  </datafield>
  <datafield tag="650" ind1=" " ind2=" ">
    <subfield code="9">23867</subfield>
    <subfield code="a">&#x627;&#x644;&#x639;&#x644;&#x627;&#x642;&#x627;&#x62A; &#x627;&#x644;&#x627;&#x62C;&#x62A;&#x645;&#x627;&#x639;&#x64A;&#x629;</subfield>
  </datafield>
  <datafield tag="650" ind1=" " ind2=" ">
    <subfield code="9">23868</subfield>
    <subfield code="a">&#x627;&#x644;&#x632;&#x648;&#x627;&#x62C;</subfield>
  </datafield>
  <datafield tag="653" ind1=" " ind2=" ">
    <subfield code="b">General</subfield>
    <subfield code="c">May2011</subfield>
  </datafield>
  <datafield tag="942" ind1=" " ind2=" ">
    <subfield code="2">ddc</subfield>
    <subfield code="c">BB</subfield>
  </datafield>
  <datafield tag="999" ind1=" " ind2=" ">
    <subfield code="c">15305</subfield>
    <subfield code="d">15305</subfield>
  </datafield>
  <datafield tag="952" ind1=" " ind2=" ">
    <subfield code="0">0</subfield>
    <subfield code="1">0</subfield>
    <subfield code="2">ddc</subfield>
    <subfield code="4">0</subfield>
    <subfield code="7">0</subfield>
    <subfield code="8">Diwan</subfield>
    <subfield code="a">MAIN</subfield>
    <subfield code="b">MAIN</subfield>
    <subfield code="c">LOW</subfield>
    <subfield code="d">2011-05-16</subfield>
    <subfield code="e">purchase</subfield>
    <subfield code="g">50.00</subfield>
    <subfield code="h">124070</subfield>
    <subfield code="o">158.2 &#x62C; &#x631; &#x627;</subfield>
    <subfield code="p">000023579</subfield>
    <subfield code="q">2025-10-18</subfield>
    <subfield code="r">2025-09-17 00:00:00</subfield>
    <subfield code="s">2025-09-17</subfield>
    <subfield code="y">BB</subfield>
  </datafield>
</record>
